| 000 | 00644nam a22002057a 4500 | ||
|---|---|---|---|
| 999 |
_c4731 _d4731 |
||
| 003 | AR-CdUCM | ||
| 008 | 190311b ||||| |||| 00| 0 spa d | ||
| 040 |
_aMUNICIPALIDAD PROVINCIAL DEL CUSCO _cBIBLIOTECA MUNICIPAL DEL CUSCO |
||
| 082 |
_a869.56 / _bG64 |
||
| 100 |
_aGómez, Livio _914653 |
||
| 245 | _aQuebrantamientos / | ||
| 260 |
_aTacna : _bEdiciones Cuaderna Vía, _c1982. |
||
| 300 |
_a60 páginas ; _c17.5 cm. |
||
| 500 | _aDonación de la familia Nieto. | ||
| 650 |
_aPoesía - Tacna - Perú - Siglo XX _914654 |
||
| 650 |
_aPoetas peruanos _91611 |
||
| 650 |
_aPoetas - Tacna _914655 |
||
| 942 |
_2ddc _cLIBROS |
||
| 945 | _alccs | ||